000 00797nam a22001937a 4500
005 20240530110544.0
008 160519s2014 ua a|||g b||| 00| 0 eng d
017 _a11766
_bمصر. دار الكتب
_d2013
040 _aEG-CaGPL
082 0 4 _a332.10285
_bا ا
_221
100 0 _aاحمد بوراس
245 0 0 _aاعمال الصيرفة الالكترونية :
_bالادوات والمخاطر = E-banking business : tools & risks /
_cاعداد احمد بوراس، السعيد بريكة.
250 _aط. 1.
260 _aالقاهرة ؛ الكويت ؛ الجزائر :
_bدار الكتاب الحديث،
_c2014.
300 _a341 ص. :
_bايض. ؛
_c25 سم.
504 _aببليوجرافية : ص. 313-332.
700 0 _aالسعيد بريكة
_eمعد.
942 _2ddc
_cBK
999 _c62328
_d62328